Cultural Tourism Between China and Europe Motivations, Behaviors, and Impacts

Bibliográfiai részletek
Szerző: Liu Boyi
További közreműködők: Smith Melanie Kay
Dokumentumtípus: Diplomadolgozat
Kulcsszavak:21th century
China
cultural tourism
European Union
international communication
tourism
Online Access:http://dolgozattar.uni-bge.hu/60024

MARC

LEADER 00000nta a2200000 i 4500
001 dolg60024
005 20260409145903.0
008 260409suuuu hu om 000 eng d
040 |a BGE Dolgozattár Repozitórium  |b hun 
041 |a en 
100 1 |a Liu Boyi 
245 1 0 |a Cultural Tourism Between China and Europe Motivations, Behaviors, and Impacts  |c Liu Boyi  |h [elektronikus dokumentum] 
520 3 |a Cultural tourism has been considered as an essential pillar of the global tourism industry, which promotes economic growth, forms cross-cultural understanding, and offers a way to create a national identity (Richards, 2021). With globalization intensifying, cultural tourism has ceased to be a mere tourism of sightseeing, but a platform for cultural exchange and economic cooperation. Despite its status as the leading global tourist, China’s growth in cultural tourism has been limited to their status as a destination market and source market, whereas Europe, representing the most dominant culture in the world has demonstrated a substantial growth in cultural tourism (UNWTO, 2023). This section examines the globalization of cultural tourism and its economic and social influences. 
695 |a 21th century 
695 |a China 
695 |a cultural tourism 
695 |a European Union 
695 |a international communication 
695 |a tourism 
700 1 |a Smith Melanie Kay  |e ths 
856 4 0 |u http://dolgozattar.uni-bge.hu/60024/1/Cultural%20Tourism%20Between%20China%20and%20Europe%20Motivations%2C%20Behaviors%2C%20and%20Impacts.pdf  |z Dokumentum-elérés 
856 4 0 |u http://dolgozattar.uni-bge.hu/60024/2/Survey%20for%20European%20tourists%20-%20Google%20%E8%A1%A8%E5%8D%95.pdf  |z Dokumentum-elérés 
856 4 0 |u http://dolgozattar.uni-bge.hu/60024/3/Survey%20for%20Chinese%20tourists%20-%20Google%20%E8%A1%A8%E5%8D%95.pdf  |z Dokumentum-elérés 
856 4 0 |u http://dolgozattar.uni-bge.hu/60024/4/Liu%20Boyi_Review_Melanie%20Smith.pdf  |z Dokumentum-elérés 
856 4 0 |u http://dolgozattar.uni-bge.hu/60024/5/Liu%20Boyi_Opponent_Weninger%20%C3%81gnes.pdf  |z Dokumentum-elérés